Argentina all time starting xi - Statistics

General Stats
  • This quiz has been taken 287 times
    71 since last reset
  • The average score is 7 of 11
Answer Stats
Hint Answer % Correct
FW(2005- Lionel Messi
100%
MF(2008-2024 Ángel Di María
94%
MF(1977-1994 Diego Maradona
87%
DF(2009- Nicolás Otamendi
75%
DF(2003-2018 Javier Mascherano
72%
DF(1994-2011 Javier Zanetti
70%
FW(1991-2001 Gabriel Batistuta
68%
FW(2018- Lautaro Martínez
64%
MF(1997-2008 Juan Román Riquelme
55%
DF(1974-1986 Daniel Passarella
34%
GK(1974-1985 Ubaldo Fillol
21%
No matching quizzes found
Score Distribution
Percent of People with Each Score
Percentile by Number Answered
Your Score History
You have not taken this quiz since the last reset